Does migration reshape expenditures in Rural households? (Record no. 40412)

MARC details
000 -LEADER
fixed length control field 00811nam a2200205 a 4500
008 - FIXED-LENGTH DATA ELEMENTS--GENERAL INFORMATION
fixed length control field 060426s2006 ||||||||||||||||| || u
050 ## - LIBRARY OF CONGRESS CALL NUMBER
Classification number IBRD(08)PRWP/3842
100 ## - MAIN ENTRY--PERSONAL NAME
Personal name Taylor, J. Edward
245 10 - TITLE STATEMENT
Title Does migration reshape expenditures in Rural households?
Statement of responsibility, etc. by J. Edward Taylor and Jorge Mora
246 ## - VARYING FORM OF TITLE
Title proper/short title evidence from Mexico
260 ## - PUBLICATION, DISTRIBUTION, ETC.
Place of publication, distribution, etc. Washungton, D. C.
Name of publisher, distributor, etc. World Bank
Date of publication, distribution, etc. 2006
300 ## - PHYSICAL DESCRIPTION
Extent 43p.; ill.
350 ## - PRICE (NR) (BK AM CF MU VM SE) [OBSOLETE]
Price 0.00
490 ## - SERIES STATEMENT
Series statement World Bank policy research working papers
650 ## - SUBJECT ADDED ENTRY--TOPICAL TERM
Topical term or geographic name entry element MIGRATION--MEXICO
650 ## - SUBJECT ADDED ENTRY--TOPICAL TERM
Topical term or geographic name entry element URBANIZATION--ASIA, WESTERN
650 ## - SUBJECT ADDED ENTRY--TOPICAL TERM
Topical term or geographic name entry element MONEY--EXPENDITURE--MEXICO
700 ## - ADDED ENTRY--PERSONAL NAME
Personal name Mora, Jorge
995 ## - RECOMMENDATION 995 [LOCAL, UNIMARC FRANCE]
-- 0.00
-- CBU-MAIN LIBRARY (Kitwe)
-- 1
-- 0.00
-- 1
-- AVAILABLE
-- Apr 26, 2006
-- International Publications
Holdings
Withdrawn status Lost status Source of classification or shelving scheme Damaged status Not for loan Home library Current library Shelving location Date acquired Total Checkouts Full call number Barcode Date last seen Price effective from Koha item type
          CBU-MAIN LIBRARY, KITWE. CBU-MAIN LIBRARY, KITWE.   11/30/2022   IBRD(08)PRWP/3842 Z03000158 11/30/2022 11/30/2022 MONOGRAPH